[Event "Oberliga Ost-B 9900"]
[Site "?"]
[Date "1999.12.12"]
[Round "4.1"]
[White "Fuhrmann Daniel"]
[Black "Galdunts Sergey"]
[Result "1/2-1/2"]
[WhiteElo "2334"]
[BlackElo "2464"]
[PlyCount "123"]
[EventDate "1999.??.??"]
[Source "www.chesslib.no"]
[SourceDate "2004.05.04"]

1. d4 d5 2. c4 e6 3. Nc3 Be7 4. Nf3 Nf6 5. Bg5 h6 6. Bh4 O-O 7. e3 b6 8. cxd5 Nxd5 9. Bxe7 Qxe7 10. Nxd5 exd5 11. Rc1 Be6 12. Be2 c5 13. Ne5 a5 14. O-O Qd6 15. Bf3 Ra7 16. Re1 Rd8 17. Nd3 c4 18. Nf4 b5 19. Qd2 Nc6 20. h4 a4 21. a3 Na5 22. Rcd1 Nb3 23. Qc3 Re7 24. h5 Rb8 25. g3 Rbe8 26. Kg2 Rd8 27. e4 dxe4 28. Rxe4 Bg4 29. Rxe7 Bxf3+ 30. Qxf3 Qxe7 31. d5 Nc5 32. Qe3 Kf8 33. Qd4 Qe4+ 34. Qxe4 Nxe4 35. Kf3 Nd6 36. Ke3 Ke7 37. Kd4 Kd7 38. Re1 Rb8 39. Kc5 b4 40. axb4 Rb5+ 41. Kd4 Rxb4 42. Re2 Rb3 43. Rc2 c3 44. bxc3 Nb5+ 45. Kd3 a3 46. Ne2 Kd6 47. Kd2 Kc5 48. Nc1 Rb1 49. Ra2 Nxc3 50. Rxa3 Nxd5 51. Nd3+ Kd6 52. Ra7 Ke6 53. Nc5+ Kf6 54. Ne4+ Ke5 55. Nc5 Rb2+ 56. Ke1 Kf6 57. Nd3 Rc2 58. Kf1 Rc7 59. Ra5 Ke6 60. Kg2 Nf6 61. Nf4+ Kd6 62. Kf3 1/2-1/2

[Event "Malmo-B"]
[Site "Malmo"]
[Date "2000.??.??"]
[Round "4"]
[White "Schneider, Stefan"]
[Black "Ahlander, Bjorn"]
[Result "0-1"]
[WhiteElo "2354"]
[BlackElo "2434"]
[PlyCount "82"]
[EventDate "2000.??.??"]
[Source "www.chesslib.no"]
[SourceDate "2004.05.04"]

1. d4 d5 2. c4 e6 3. Nc3 Nf6 4. Bg5 Be7 5. e3 h6 6. Bh4 O-O 7. Nf3 b6 8. cxd5 Nxd5 9. Bxe7 Qxe7 10. Nxd5 exd5 11. Rc1 Be6 12. Bd3 c5 13. dxc5 bxc5 14. O-O Nd7 15. e4 d4 16. Bb1 Rfb8 17. Qc2 Rb4 18. Nd2 Rab8 19. b3 a5 20. f4 a4 21. Rf3 axb3 22. axb3 c4 23. bxc4 Nc5 24. h3 Bd7 25. e5 g6 26. Qd1 Rb2 27. Ne4 Bc6 28. Nf6+ Kg7 29. Rg3 d3 30. Bxd3 R8b3 31. Nd5 Qh4 32. Kh2 Bxd5 33. cxd5 Nxd3 34. Rc2 Nf2 35. Rxb3 Nxd1 36. Rcxb2 Qxf4+ 37. g3 Qxe5 38. Rd2 Ne3 39. Rbd3 Nf1+ 40. Kg2 Nxd2 41. Rxd2 Qe3 0-1

[Event "Commonwealth Ch"]
[Site "?"]
[Date "2003.04.26"]
[Round "9"]
[White "Koneru Humpy"]
[Black "Mohota Nisha"]
[Result "1/2-1/2"]
[WhiteElo "2496"]
[BlackElo "2277"]
[PlyCount "90"]
[EventDate "2003.??.??"]
[Source "www.chesslib.no"]
[SourceDate "2004.05.04"]

1. d4 d5 2. c4 e6 3. Nf3 Nf6 4. Nc3 Be7 5. Bg5 O-O 6. e3 h6 7. Bh4 b6 8. cxd5 Nxd5 9. Nxd5 exd5 10. Bxe7 Qxe7 11. Rc1 Be6 12. Bd3 c5 13. dxc5 bxc5 14. Bb1 Nd7 15. Qc2 g6 16. O-O Bf5 17. Qa4 Bxb1 18. Rxb1 Rfb8 19. Rfc1 a5 20. Rc2 Ra6 21. Qf4 Kg7 22. Rd1 Rb4 23. Qc7 Qe6 24. Rcd2 Nf6 25. a3 Rb5 26. Rc2 Rc6 27. Qe5 Qxe5 28. Nxe5 Rcb6 29. a4 Rxb2 30. Rxc5 Ne4 31. Rc6 Rxc6 32. Nxc6 Nc3 33. Ra1 Nxa4 34. h3 Nc3 35. Rxa5 Rb1+ 36. Kh2 Rf1 37. f4 h5 38. Ne5 d4 39. exd4 Rxf4 40. Nf3 Ne2 41. d5 Rf5 42. Nh4 Re5 43. Nf3 Rf5 44. Nh4 Re5 45. Nf3 Rf5 1/2-1/2

[Event "IMA Classic"]
[Site "Gausdal"]
[Date "2004.09.29"]
[Round "9"]
[White "Collins, Sam"]
[Black "Hunt, Harriet"]
[Result "1-0"]
[WhiteElo "2387"]
[BlackElo "2385"]
[PlyCount "85"]
[EventDate "2004.09.23"]
[Source "Roberto Alvarez"]
[SourceDate "2004.10.05"]

1. Nf3 Nf6 2. c4 e6 3. Nc3 d5 4. d4 Be7 5. Bg5 O-O 6. e3 h6 7. Bh4 b6 8. cxd5 Nxd5 9. Bxe7 Qxe7 10. Nxd5 exd5 11. Rc1 Be6 12. Bd3 c5 13. O-O Nd7 14. h3 Rac8 15. Qa4 Rc7 16. b4 c4 17. b5 Qf6 18. Kh2 g5 19. Bb1 Kg7 20. Qa3 Rd8 21. Qd6 Rcc8 22. Qg3 Qe7 23. Rfe1 Nf8 24. Ne5 Qc7 25. f4 f6 26. Nc6 Re8 27. h4 g4 28. e4 dxe4 29. Bxe4 h5 30. d5 Bf7 31. Rxc4 Qd6 32. Nd4 Kh8 33. Nf5 Qd7 34. Qc3 Nh7 35. Rxc8 Rxc8 36. Qd4 Rd8 37. a4 Qc7 38. d6 Qc4 39. Qxc4 Bxc4 40. Bc6 Nf8 41. Re8 Rxe8 42. Bxe8 Bd3 43. Nd4 1-0

[Event "Schwarzach op-A"]
[Site "?"]
[Date "2000.08.20"]
[Round "2"]
[White "Schoeppl Engelbert"]
[Black "Klovans Janis"]
[Result "0-1"]
[WhiteElo "2266"]
[BlackElo "2481"]
[PlyCount "104"]
[EventDate "2000.??.??"]
[Source "www.chesslib.no"]
[SourceDate "2004.05.04"]

1. c4 e6 2. d4 d5 3. Nc3 Nf6 4. Bg5 Be7 5. Nf3 O-O 6. e3 h6 7. Bh4 b6 8. cxd5 Nxd5 9. Bxe7 Qxe7 10. Nxd5 exd5 11. Rc1 Be6 12. Qa4 Rc8 13. Bb5 c6 14. Bd3 c5 15. dxc5 bxc5 16. Qa3 Nd7 17. O-O Rcb8 18. Qc3 Rb6 19. Ne5 Nxe5 20. Qxe5 c4 21. Be2 Qf6 22. Qxf6 gxf6 23. b3 cxb3 24. axb3 Rxb3 25. Ba6 Ra3 26. Ra1 Rxa1 27. Rxa1 Rb8 28. h3 Kf8 29. Be2 Rb7 30. Bf3 Ke7 31. Ra4 Kd6 32. Kf1 Kc5 33. Ke1 Rb1+ 34. Kd2 Kb6 35. Rd4 Rb5 36. Kc3 a5 37. Rh4 Kc5 38. Rxh6 a4 39. Rh4 Rb3+ 40. Kc2 Bf5+ 41. e4 Bg6 42. Rf4 dxe4 43. Bh5 f5 44. Bxg6 fxg6 45. g4 Kd4 46. gxf5 Ke5 47. Rh4 gxf5 48. f4+ Kd4 49. Rh8 Ke3 50. h4 Kxf4 51. h5 Rh3 52. h6 Rh2+ 0-1

[Event "Skopje ol (Men)"]
[Site "Skopje MKD"]
[Date "1972.09.29"]
[Round "3.2"]
[White "Kristinsson, Jon"]
[Black "Myagmarsuren, Lhamsuren"]
[Result "1/2-1/2"]
[WhiteElo "2365"]
[BlackElo "2380"]
[PlyCount "57"]
[EventDate "1972.09.??"]
[Source "www.chesslib.no"]
[SourceDate "2004.05.04"]

1. d4 d5 2. c4 e6 3. Nc3 Be7 4. Nf3 Nf6 5. Bg5 O-O 6. e3 h6 7. Bh4 b6 8. cxd5 Nxd5 9. Bxe7 Qxe7 10. Nxd5 exd5 11. Rc1 Be6 12. Qa4 c5 13. Qa3 Rc8 14. Be2 a5 15. dxc5 Rxc5 16. O-O Nd7 17. Nd4 Kf8 18. Rcd1 Rb8 19. Bb5 Ne5 20. b3 Bd7 21. Bxd7 Nxd7 22. Qb2 Rbc8 23. b4 axb4 24. Qxb4 g6 25. Nb3 Rc2 26. Qd4 Nf6 27. Qxb6 Rxa2 28. Nd4 Kg7 29. Qb3 1/2-1/2

[Event "Sofia"]
[Site "?"]
[Date "1979.??.??"]
[Round "11"]
[White "Babev Aleksandar"]
[Black "Djukic Zeljko"]
[Result "1/2-1/2"]
[WhiteElo "2340"]
[BlackElo "2400"]
[PlyCount "44"]
[EventDate "1979.??.??"]
[Source "www.chesslib.no"]
[SourceDate "2004.05.04"]

1. d4 Nf6 2. c4 e6 3. Nc3 d5 4. Bg5 Be7 5. e3 O-O 6. Nf3 h6 7. Bh4 b6 8. cxd5 Nxd5 9. Bxe7 Qxe7 10. Nxd5 exd5 11. Rc1 Be6 12. Qa4 c5 13. Qa3 Rc8 14. Bd3 Qf8 15. dxc5 bxc5 16. O-O c4 17. Qxf8+ Kxf8 18. Nd4 Nc6 19. Nxc6 Rxc6 20. b3 Rac8 21. bxc4 dxc4 22. Be4 Rc5 1/2-1/2